000 00672nam a2200253Ia 4500
008 160803s9999 xx 000 0 und d
020 _a9780590477048
100 _aDorros, Arthur
245 4 _aThe fungus that ate my school /
245 _cby Arthur Dorros ; illustrated by David Catrow.
260 _aNew York :
260 _bScholastic Inc.
260 _c2000
300 _a1 volume (unpaged) :
300 _bcolor illustrations ;
300 _c29 cm
650 _aFungi --
650 _aSchools --
650 _aScience -- Experiments --
650 _xFiction.
650 _xJuvenile fiction.
650 _xJuvenile fiction.
700 _a260
999 _c298895
_d298895